| 000 | 01001nam a2200241 i 4500 | ||
|---|---|---|---|
| 001 | 40814 | ||
| 003 | ES-MaACL | ||
| 005 | 20251011063059.0 | ||
| 007 | t| | ||
| 008 | 030307s1807 sp |||| | spa d | ||
| 100 | 1 |
_aCapmany y de Montpalau, Antonio de, _d1742-1813 _934868 |
|
| 245 | 1 | 0 |
_aQüestiones (sic) críticas sobre varios puntos de historia económica, política y militar / _csu autor Antonio de Capmany y de Montpalau. |
| 246 | 3 | _aCuestiones críticas sobre varios puntos de historia económica, política y militar | |
| 260 |
_aMadrid : _b[s.n.], _c1807 ( _fImp. Real) |
||
| 300 |
_aIV, 305 p. ; _c21 cm. |
||
| 595 | _aDisponible en formato digital. | ||
| 650 | 7 |
_aHistoria económica _2embne _913403 |
|
| 651 | 4 |
_aEspaña- _xSituación económica- _vHistoria. _9156949 |
|
| 651 | 4 |
_aEspaña- _xHistoria militar. _9144916 |
|
| 852 |
_aES-MaACL _jG-752 |
||
| 856 |
_uhttp://bdh-rd.bne.es/viewer.vm?id=0000112790&page=1 _zBiblioteca Digital Hispánica |
||
| 999 |
_c40814 _d40814 |
||